Ormasakth Irattiyakkam (Record no. 108192)
[ view plain ]
| 000 -LEADER | |
|---|---|
| fixed length control field | 00405nam a2200133Ia 4500 |
| 008 - FIXED-LENGTH DATA ELEMENTS--GENERAL INFORMATION | |
| fixed length control field | 211119s9999||||xx |||||||||||||| ||und|| |
| 082 ## - DEWEY DECIMAL CLASSIFICATION NUMBER | |
| Classification number | 153.3 |
| Item number | SRE-O |
| 100 ## - MAIN ENTRY--PERSONAL NAME | |
| Personal name | Sreekumar, N |
| 245 #0 - TITLE STATEMENT | |
| Title | Ormasakth Irattiyakkam |
| 260 ## - PUBLICATION, DISTRIBUTION, ETC. | |
| Name of publisher, distributor, etc. | D c Books |
| Place of publication, distribution, etc. | Kottayam |
| Date of publication, distribution, etc. | 2008 |
| 300 ## - PHYSICAL DESCRIPTION | |
| Extent | 170p |
| 650 ## - SUBJECT ADDED ENTRY--TOPICAL TERM | |
| Topical term or geographic name entry element | philosophy & psychology |
| 942 ## - ADDED ENTRY ELEMENTS (KOHA) | |
| Koha item type | BOOK |
| 650 ## - SUBJECT ADDED ENTRY--TOPICAL TERM | |
| Form subdivision | psychologyMental processes & intelligenceEconomics |
| General subdivision | PGR-GANDHIAN STUDIES |
| Withdrawn status | Lost status | Damaged status | Not for loan | Home library | Current library | Date acquired | Cost, normal purchase price | Total Checkouts | Full call number | Barcode | Shelving location | Date last seen | Price effective from | Koha item type |
|---|---|---|---|---|---|---|---|---|---|---|---|---|---|---|
| SB LIBRARY | SB LIBRARY | 19/11/2021 | 85.00 | 153.3 SRE-O | 00121612 | PGR-GANDHIAN STUDIES | 19/11/2021 | 19/11/2021 | BOOK |